000 004460000a22001810004500
003 MACL
005 20150911122329.0
008 150911b xxu||||| |||| 00| 0 eng d
040 _aMACL
_cMACL
041 _aEnglish
082 _a823/BED
100 _aBedi, Rajinder singh
_910080
245 _aOrdained by Fate
_bEk Chadar Maili si
260 _bSahitya Akademi
_aNew Delhi
350 _a50
650 _aFiction
_910081
942 _cBK
_k823
_2ddc
999 _c8490
_d8490